000 01550nam a2200385 a 4500
001 58869
003 BD-RjUL
005 20211209080651.0
008 161220s1997 xxu ||| | ||| | eng d
035 _a(BD-RjUL) 58993
040 _aericd
_beng
_cericd
_dMvI
_dBD-RjUL
041 _aeng
082 _223
_bPAR 1997
_a361.3
110 2 _aVermont Univ., Burlington. Dept. of Social Work.
_9175040
245 1 0 _aPartnerships at Work :
_bLessons Learned from Programs and Practices of Families, Professionals and Communities /
_cKathleen Kirk Bishop, Ed., Mary Skidmore Taylor, Ed. and Polly Arango, Ed.
260 _a[Washington, D.C.] :
_bDistributed by ERIC Clearinghouse,
_cc1997.
300 _a126 p. :
_bill. ;
_c26 cm.
504 _aIncludes bibliographical references
650 1 7 _aCooperation.
_2ericd
_9171669
650 1 7 _aFamily social work
_9175547
650 1 7 _aFamily Programs.
_2ericd
_9175041
650 0 7 _aIntegrated Services.
_2ericd
_9175042
650 0 7 _aInterprofessional Relationship.
_2ericd
_9175043
650 1 7 _aProgram Descriptions.
_2ericd
_9175044
650 0 7 _aSocial Services.
_2ericd
_9175045
653 1 _aFamily Resource and Support Programs
653 0 _aFamily Support
655 7 _aBooks.
_2ericd
_9175046
655 7 _aCollected Works, General.
_2ericd
_9175047
700 1 _aBishop, Kathleen Kirk,
_eeditor.
_9175048
700 1 _aTaylor, Mary Skidmore,
_eeditor.
_9175049
700 1 _aArango, Polly,
_eeditor.
_9175050
710 2 _aVermont Univ., Burlington. Dept. of Social Work.
_9175040
942 _2ddc
_cBK
999 _c58869
_d58869